00977 a2200181 45000010006000000050017000060080041000230030015000640400040000790800091001192450049002100200022002592640076002813000019003575050389003760410008007651000022007736098020260407155900.0260407a1983 arg spa dAR-UNSa-BCEJYS aAR-UNSa-BCEJYSbspacAR-UNSa-BCEJYS a351.816xSupervisión del correo. Administración de correos. Normas sobre el correo10aRégimen jurídico del servicio de correos a978-84-7351-161-2 1aMadrid :bInstituto Nacional de Administración Pública (INAP)c1983 a430 p.c21 cm. a1. Aproximación histórica – 2. La legislación postal – 3. Aspectos generales del régimen jurídico del correo – 4. La administración postal – 5. La posición jurídica del usuario – 6. Inviolabilidad de la correspondencia y servicio de correos – 7. Responsabilidad de la Administración Postal por daños causados a los usuarios – 8. Las tarifas postales. aspa1 aPeman Gavin, Juan